Top 20 Pokémon that can Learn the Most Moves - Statistics

General Stats
  • This quiz has been taken 20 times
  • The average score is 7 of 20
Answer Stats
Amount of Moves Answer % Correct
249 Mew
88%
138 Mewtwo
82%
132 Arceus
71%
119 Dragonite
71%
122 Charizard
47%
122 Snorlax
47%
133 Blissey
41%
146 Clefable
35%
117 Deoxys
35%
130 Nidoking
35%
130 Nidoqueen
35%
130 Rhyperior
24%
131 Wigglytuff
24%
135 Gallade
18%
128 Alolan Raichu
12%
118 Raichu
12%
122 Togekiss
12%
117 Lickilicky
6%
119 Slowbro
6%
124 Slowking
6%
No matching quizzes found
Score Distribution
Percent of People with Each Score
Percentile by Number Answered
Your Score History
You have not taken this quiz